Grandeza de los oficios

Saved in:
Bibliografiske detaljer
Format: Bog
Sprog:spansk
Udgivet: Santiago Andrés Bello 1979
Fag:
Tags: Tilføj Tag
Ingen Tags, Vær først til at tagge denne postø!

MARC

LEADER 00000nam a2200000 a 4500
001 UCY9952
003 CL-VaPUC
008 950724e19790400CL |||||||||||||||||spa|d
082 0 4 |a Ch861  |b MIS  |2 21 
245 1 0 |a Grandeza de los oficios 
300 |a 226 p 
942 |c BK 
945 |d 19950724 00:00:00  |a cmena 
260 |a Santiago  |b Andrés Bello  |c 1979 
650 0 |a Poesías chilenas   |9 265280 
650 0 |a Literatura chilena   |9 308278 
650 0 |a Formas y géneros literarios  |9 324031 
583 |a last modification  |c 19950724 00:00:00  |k Rodrigo Vera 
999 |c 236933  |d 236931 
952 |0 0  |1 0  |4 0  |6 CH_861_000000000000000_MIS_1979  |7 0  |8 A  |9 245479  |a BIBEDU  |b BIBEDU  |c ES_NOD  |d 2019-11-18  |i 1537628  |l 1  |o Ch861 MIS 1979  |p 1537628  |r 2023-08-09  |s 2023-08-09  |w 2019-11-18  |y BK  |k EDU 
952 |0 0  |1 0  |4 0  |6 CH_861_000000000000000_MIS_1979  |7 0  |8 A  |9 245480  |a BIBEDU  |b BIBEDU  |c ES_NOD  |d 2019-11-18  |i 3300412  |l 1  |o Ch861 MIS 1979  |p 3300412  |r 2025-04-16  |s 2025-03-03  |w 2019-11-18  |y BK  |k LIT 
952 |0 0  |1 0  |4 0  |6 CH_861_000000000000000_MIS_1979  |7 0  |8 A  |9 245481  |a BIBEDU  |b BIBEDU  |c ES_NOD  |d 2019-11-18  |i 1443151  |o Ch861 MIS 1979  |p 1443151  |r 2023-08-09  |w 2019-11-18  |y BK  |k LIT 
952 |0 0  |1 0  |4 0  |6 CH_861_000000000000000_MIS_1979  |7 0  |8 A  |9 245482  |a BIBEDU  |b BIBEDU  |c ES_NOD  |d 2019-11-18  |i 1443208  |l 4  |o Ch861 MIS 1979  |p 1443208  |r 2025-04-21  |s 2025-04-14  |w 2019-11-18  |y BK  |k LIT